Quizzes
Events
Quiz Creation
Community
Videos
Private Events
Remove Ads
Sign In
Join for FREE
Feedback
Dark Mode
Quiz Categories
Sports
Geography
Music
Movies
Television
Just For Fun
Miscellaneous
History
Literature
Language
Science
Gaming
Entertainment
Religion
Holiday
For Kids
Quiz Lab
Recent
Popular Today
Quiz Kudos Today
Editor Picks
Curator Picks
Quizzes by...
Day
Popularity
Type
Ratings
Length
Year
Community
Subscriptions
Recent Discussions
Orange Saloon
Badges
Playlists
Quests
Create
Leaderboards
Showdown
Live 5
Trivia Bingo
Activity
Puzzle Library
Sporcle Events
Private Events
Virtual Trivia
Globe League
Become a Host
Pub Owners
SporcleCon
Opinionation
Our Games
Videos
Blog
Mobile Apps
Partnerships
Remove Ads and Go Orange
Feedback
Science
Computer
Plants
Astronomy
Chemistry
Elements
Math
Animal
Physics
Anatomy
Biology
Geology
General Science
Science
Computer
Plants
Astronomy
Chemistry
Elements
Math
Animal
Physics
Anatomy
Biology
Geology
General Science
Random Quiz
Search Sporcle
×
Quiz Lab
Quiz Lab
Science
Elements
Type in answers that appear in a list
Type in answers that appear in a list
Classic
Best Score? Go Orange.
Names from Elements Stats
Can you name the English names from the element symbols?
By
Rabs543
4m
20 Questions
29 Plays
29 Plays
29 Plays
Comments
Comments
Give Quiz Kudos
Give Quiz Kudos
-
- Ratings
hide this ad
Forced Order
Answers have to be entered in order
Answers have to be entered in order
Random Order
Randomize order of answers
Randomize order of answers
Replay
Link that replays current quiz
Next Quiz
Link to next quiz in quiz playlist
You Got
0%
They Got
Avg Score
96%
Avg Friend Score
Upgrade to see
Score Distribution
Jump to the score distribution portion of the page
Score
0/20
Timer
04:00
0
Plays Today
Elements
Name
% Correct
Sulphur, Uranium, Nitrogen, Nitrogen, Yttrium
SUNNY
100%
Nickel, Carbon, Potassium
NiCK
96.6%
Potassium, Astatine, Yttrium
KAtY
96.6%
Molybdenum, Nickel, Calcium
MoNiCa
96.6%
Vanadium, Iodine, Nitrogen, Cerium
VINCe
96.6%
Lanthanum, Uranium, Radium
LaURa
96.6%
Aluminium, Iodine, Cerium
AlICe
96.6%
Gold, Sulphur, Titanium, Nitrogen
AuSTiN
96.6%
Beryllium, Thorium
BeTh
96.6%
Iodine, Molybdenum, Germanium, Nitrogen
IMoGeN
96.6%
Elements
Name
% Correct
Oxygen, Lithium, Vanadium, Erbium
OLiVEr
96.6%
Sulphur, Tellurium, Phosphorus, Hydrogen
STePH
96.6%
Osmium, Carbon, Argon
OsCAR
96.6%
Protactinium, Uranium, Lithium, Neon
PaULiNe
96.6%
Americium, Yttrium
AmY
96.6%
Boron, Ruthenium, Cerium
BRuCe
96.6%
Bromine, Uranium, Nobelium
BrUNo
96.6%
Sulphur, Helium, Iodine, Lanthanum
SHeILa
96.6%
Lanthanum, Tungsten, Rhenium, Nitrogen, Cerium
LaWReNCe
93.1%
Einsteinium, Thorium, Erbium
EsThEr
93.1%
Quiz Playlist
Details
Report
Send in Message
Add To Playlist
Classic:
Type in answers that appear in a list
Forced Order:
Answers have to be entered in order
Random Order:
Randomize order of answers
Last Updated: Feb 16, 2017
Quiz Scoreboard
CHALLENGE
Sign Up to Join the Scoreboard
Show All
Scores
Hide
Comments
May contain spoilers
Recently Published
Presidents Visiting Landmarks
by Hejman
History
7m
An Introduction to Baseball
by treessimontrees
Sports
5m
Movies - When Are They Set?
by FPL_Elf
Movies
5m
More to Explore
Quiz From the Vault
Featured Blog Post
Where Did the Easter Bunny Come From?
hide this ad
You Might Also Like...
Tags
Elements Quiz
name
Today's Top Quizzes in Science
Browse Science
hide this ad
Today's Top Quizzes in Elements
Browse Elements
Top Contributed Quizzes in Science
1
Quick Pick: Radians
2
Quick Pick: 'CI-CJ' Animals
3
Elements In Images
4
One Thing in Common: Science
5
One Thing in Common: Science III
6
One Thing in Common: Animals
7
1 to 50
8
Name the Acid, Base or Salt
9
One Thing in Common: Science II
10
Count to 60
Explore More
Trending Topics
NBA
Disney
Anime
Crossword
Harry Potter
Kpop
Marvel
Pokémon
Country
The Office
Song
Puzzle
NFL
Soccer
WWE
hide this ad
More By:
Rabs543
Quiz
Plays
Rating
Category
Featured
Created
French Modal Verbs
5,343
4.60
Language
Mar 13, 2011
'In' Words
255
4.00
Language
Mar 18, 2011
Imperial Measures
136
2.33
Miscellaneous
Jan 28, 2011
Oceania and South America Alphabetically
125
4.67
Geography
Oct 10, 2012
Conjugating Aller
117
5.00
Language
Mar 28, 2011
Go to Creator's Profile
Score Distribution
Quiz Creator Spotlight
Rabs543
Follow
Send a Message
Quizzes Created
-
Created Quiz Play Count
-
More By This Creator
Popular Quizzes Today
1
Find the US States - No Outlines Minefield
2
Find the Countries of Europe - No Outlines Minefield
3
The Countries of the World
4
Find the US States
5
Popular People in 1961
6
US States
7
Risky Map Clicking: Biggest States A-Z
8
1-10 Letter E Words III
More Science Quizzes
Find the Mammals
Published
Trending Quizzes
Risky Map Clicking: Least Populous States A-Z
1-10 Letter G Words
1-10 Letter F Words
One Thing in Common: United Kingdom
Risky Map Clicking: Next State Alphabetically
Recently Updated
Leaping Animals
pecheneg
Reality TV Shows (A-Z)
bhenderson79
Rickey Henderson's Hall of Fame Teammates
pecheneg
Champions League XIs: Arsenal
pecheneg
Quick Pick: Celebrities in WWE's Hall of Fame
aduchscher
A-Z Keypad Blitz II
pecheneg
Multiple Oscar Actors
pecheneg
Mystery Phrase Blitz: Oscar 'Best Actors'
pecheneg
F. Scott Fitzgerald Novels
LTH
Pick 3 Villains
ddd62291
Trending Topics
Disney
Marvel
Crossword
Kpop
Harry Potter
NBA
Anime
NFL
Pokémon
Song
The Office
Country
Soccer
Puzzle
WWE
Your Account Isn't Verified!
In order to create a playlist on Sporcle, you need to verify the email address you used during registration. Go to your
Sporcle Settings
to finish the process.
Report this User
Report this user for behavior that violates our
Community Guidelines
.
Details:
Send Report
Go to the Sporcle.com Mobile Site →
Comments